000 00282nam a22001337a 4500
008 181219b xxu||||| |||| 00| 0 eng d
020 _a9780805048377
041 _aeng
080 _a721
100 _a45
101 _aARK
245 _aOpen House
_cMerritt .I
942 _2udc
_cBK
999 _c53485
_d53485